Normal view
MARC view
- Vargas, Julie S.
Entry Personal Name
001 - CONTROL NUMBER
- control field: 89956
003 - CONTROL NUMBER IDENTIFIER
- control field: NUST
005 - DATE AND TIME OF LATEST TRANSACTION
- control field: 20220301111457.0
008 - FIXED-LENGTH DATA ELEMENTS
- fixed length control field: 220301|| aca||aabn | a|a d
040 ## - CATALOGING SOURCE
- Original cataloging agency: NUST
- Transcribing agency: NUST
100 ## - HEADING--PERSONAL NAME
- Personal name: Vargas, Julie S.
670 ## - SOURCE DATA FOUND
- Source citation: Work cat.: (NUST)0: Vargas, Julie S., author., Behavior analysis for effective teaching /
